Statistics for Mad Men Character Quiz

Click here to take the quiz!

General Stats

  • This quiz has been taken 220 times
  • The average score is 18 of 40

Answer Stats

HintAnswer% Correct
Stole Donald Draper's indentityDick Whitman
87%
The C in SCPDBertram Cooper
80%
Second character to hang himselfLane Pryce
76%
Head of the TV departmentHarry Crane
75%
Don's first secretaryPeggy Olsen
75%
Secret science fiction writerKen Cosgrove
73%
The youngest Draper childEugene Draper
72%
Secretary 6: Major character as of season 5Megan Calvet
70%
Secretary 2: Future wife of RogerJane Siegel
65%
Campbell's lovely wifeTrudy Campbell
64%
Art director fired at Sterling-CooperSalvatore Romano
61%
Roger's first wifeMona Sterling
59%
New suck-up account man in season 6Bob Benson
59%
First wife of DonAnna Draper
59%
Paris Hilton's great grandfatherConrad Hilton
50%
Draper nanny fired in season 3Carla
49%
Peggy's boss at CGCTed Chaough
49%
Odd neighbor and friend of SallyGlen Bishop
48%
Mad Men creatorMatthew Weiner
48%
Joan's military husbandGreg Harris
46%
First character to hang himselfAdam Whitman
40%
Don's bohemian mistress turned heroin junkieMidge Daniels
40%
Secretary 5: R.I.P.Ida Blankenship
40%
Secretary 7: "She was the most qualified"Dawn
40%
Pretentious copywriter left by SCDPPaul Kinsey
37%
Peggy's journalist boyfriendAbe Drexler
34%
Megan's critical motherMarie Calvet
34%
Are you a Jackie? Or a _____?Marylin
32%
Secretary 4: Quits after hook-up with DonAllison
29%
Loudmouth insult comicJimmy Barrett
28%
Secretary 3: Foot decapitatorLois Sadler
25%
Entitled lucky strike executiveLee Garner Jr.
24%
Duck Phillip's first nameHerman
22%
What's Ken's wife's name again?CYNTHIA!
21%
Kurt and _____Smitty
20%
"Cure for the common ____ " CopywriterDanny Siegel
19%
Creeper Jaguar dealership ownerHerb Rennet
14%
Copywriter born on "Mars"Michael Ginsberg
13%
Peggy's friend at Time MagazineJoyce Ramsay
8%
Sally's violinst friendSandy
5%

Score Distribution

Percentile by Number Answered

Percent of People with Each Score

Your Score History

You have not taken this quiz